Three plays (Record no. 78596)

MARC details
000 -LEADER
campo de control de longitud fija 00544nam a2200181 i 4500
001 - NÚMERO DE CONTROL
campo de control 78596
003 - IDENTIFICADOR DE NÚMERO DE CONTROL
campo de control ES-MaACL
005 - FECHA Y HORA DE LA ÚLTIMA TRANSACCIÓN
campo de control 20230906173746.0
007 - CAMPO FIJO DE DESCRIPCIÓN FÍSICA--INFORMACIÓN GENERAL
campo de control de longitud fija t|
008 - DATOS DE LONGITUD FIJA--INFORMACIÓN GENERAL
campo de control de longitud fija 041015q1914 xxk ||||1| eng d
080 ## - NÚMERO DE LA CLASIFICACIÓN DECIMAL UNIVERSAL
Número de la Clasificación Decimal Universal 821.112.2-2"18"
100 1# - ENTRADA PRINCIPAL--NOMBRE DE PERSONA
Nombre de persona Hebbel, Friedrich (
Fechas asociadas al nombre 1813-1863)
9 (RLIN) 157462
245 10 - MENCIÓN DEL TÍTULO
Título Three plays
Resto del título : (poetry and the drama) /
Mención de responsabilidad, etc. by Frederic Hebbel ; introduction by L.H. Allen.
260 ## - PUBLICACIÓN, DISTRIBUCIÓN, ETC.
Lugar de publicación, distribución, etc. London :
Nombre del editor, distribuidor, etc. J. M. Dent,
Fecha de publicación, distribución, etc. [1914?]
300 ## - DESCRIPCIÓN FÍSICA
Extensión XXI, 237 p. ;
Dimensiones 17 cm.
700 1# - ENTRADA AGREGADA--NOMBRE PERSONAL
Nombre de persona Allen, L. H.
9 (RLIN) 19994
852 ## - LOCALIZACIÓN
Ubicación ES-MaACL
Número de control de estantería C-3128
Holdings
Estatus retirado Estado de pérdida Estado de daño No para préstamo Biblioteca de origen Biblioteca actual Ubicación en estantería Fecha de adquisición Fuente de adquisición Total de préstamos Signatura topográfica completa Código de barras Visto por última vez Precio de reemplazo Tipo de ítem Koha
        Biblioteca del Ateneo de Madrid Biblioteca del Ateneo de Madrid Sala Palomar 17/01/2008     C-3128 1082205 23/02/2023 23/02/2023 Libro impreso